Social unrest

Salvato in:
Dettagli Bibliografici
Autore principale: Jovanović, Aleksandar S.
Altri autori: Renn, Ortwin, Schröter, Regina
Natura: Libro
Lingua:inglese
Pubblicazione: Paris OECD 2012
Serie:OECD reviews of risk management policies
Soggetti:
Tags: Aggiungi Tag
Nessun Tag, puoi essere il primo ad aggiungerne!!

MARC

LEADER 00000nam a2200000 4500
001 0175139
005 20240315121248.6
020 |a 978-92-64-17345-3 
041 0 |a eng 
044 |a FR 
245 1 0 |a Social unrest  |c Aleksandar S. Jovanović, Ortwin Renn, Regina Schröter 
264 1 |a Paris  |b OECD  |c 2012 
300 |a 101 s. 
490 1 |a OECD reviews of risk management policies 
830 0 |a OECD reviews of risk management policies 
610 2 0 |a problémy spoločenské 
610 2 0 |a kríza finančná 
610 2 0 |a Grécko 
610 2 0 |a Blízky východ 
610 2 0 |a riadenie rizík 
100 1 |a Jovanović, Aleksandar S. 
700 1 |a Renn, Ortwin 
700 1 |a Schröter, Regina